Spinosaurier-Gattungen - Statistiken

Allgemein
  • Dieses Quiz wurde 33 mal gespielt
    27 seit der letzten Aktualisierung
  • Das Durchschnittsergebnis liegt bei 9 aus 17
Antwortstatistiken
Spinosauridae: % Korrekt
Spinosaurus
100%
Irritator / Angaturama
83%
Oxalaia
83%
Suchomimus
83%
Baryonyx
67%
Camarillasaurus
50%
Ceratosuchops
50%
Protathlitis
50%
Sigilmassasaurus
50%
Suchosaurus
50%
Vallibonavenatrix
50%
Ichthyovenator
33%
Riojavenatrix
33%
Riparovenator
33%
Cristatusaurus
17%
Iberospinus
17%
Siamosaurus
17%
Keine übereinstimmenden Quizze gefunden
Verteilung der Resultate
Anzahl Personen mit jedem Resultat
Perzentil nach korrekt beantworteten Fragen
Ihre Resultats-Entwicklung
Sie haben dieses Quiz seit der letzten Aktualisierung nicht gespielt